000
00304nam a2200121 a 4500
005
20141022142002.0
008
080930s19uu xx 00 eng d
050
_a
AVM
245
_a
International entrepreneurship 3-5.
650
_a
VCD.
650
_a
International entrepreneurship 3-5.
942
_c
AVM
999
_c
276312
_d
276312